Planowanie i finansowanie dzialalnsci organów terenowych

Enregistré dans:
Détails bibliographiques
Format: Livre
Langue:polonais
Publié: Poznan Akademia Ekonomiczna 1980
Collection:Zeszyty naukowe-seria 1 zeszyt nr. 87
Tags: Ajouter un tag
Pas de tags, Soyez le premier à ajouter un tag!

MARC

LEADER 00000nam a2200000 4500
001 c125193
005 20041019155234.3
041 0 |a pol 
044 |a PL 
245 1 0 |a Planowanie i finansowanie dzialalnsci organów terenowych 
264 1 |a Poznan  |b Akademia Ekonomiczna  |c 1980 
300 |a 196 s. 
490 1 |a Zeszyty naukowe-seria 1  |v zeszyt nr. 87 
830 0 |a Zeszyty naukowe-seria 1  |v zeszyt nr. 87